00987nam a2200265 a 450000100100000000500170001000800410002702000150006804000250008304100380010808200200014610000270016624000380019324500670023126000530029830000210035153400450037250000630041765000280048065000320050870000310054004900090057195201240058099900170070400002381820200930022505.0110113s1997 sp r 000 f spa d a8479531673 aDO-SdBNPbspacBNPHU17aspaheng2Código de idioma MARC a894.5513bS997l1 aSzepez, María94902710aA vöros oroszlán.lEspañol.10aEl león rojo /cMaría Szepez ; traducción Ana Tortajada. aBarcelona, (España) :bEdiciones Urano,c1997. a460 p. ;c23 cm. aTítulo original:tA vöros oroszlán aIncluye datos biográficos del autor en la contracubierta 4aNovela húngara945196 4aLiteratura húngara9218251 aTortajada, Anaetr.913378 aBNGR 001054708MOaGRbGRcCTd2011-01-13iLF1l0o894.5513 S997lp23818-10r2020-06-25w2020-06-25y4ZPréstamo en sala c23314d23314